| 000 | 01181nam a2200133Ia 4500 | ||
|---|---|---|---|
| 008 | 220615s9999||||xx |||||||||||||| ||und|| | ||
| 020 | _a9783040000000 | ||
| 245 | 0 |
_aMotor Control and Learning in Childhood and Adolescence _bInteractions with Sports and Exercise |
|
| 546 | _aEnglish[eng] | ||
| 650 | _aVO2max||anthropometric||body composition||maturation||peak power||training load||exercise indexes||exercise dependency||COVID-19 pandemic||team sports||individual sports||badminton||short-term training||high-intensity interval training||adolescent anaerobic||motor skills||fundamental movement skills||play||preschool||early childhood education centers||physical literacy||young children||early childhood||cross-sectional||observational||jumping performance||speed||agility||team sport||perceived difficulty||psychomotor performance||diurnal variation||child||mood||soccer||school-based exercise||pediatric health||concentration||gender difference||exercise intervention||video modeling||static pictures||motor learning||basketball||physical education | ||
| 700 | _aClemente, Filipe Manuel||Silva, Ana Filipa | ||
| 856 | _uhttps://mdpi.com/books/pdfview/book/4940 | ||
| 942 | _cEB | ||
| 999 |
_c14595 _d14595 |
||